000 01643nam a2200349 i 4500
001 768714001
003 CO-MdFUSB
005 20260319125446.0
007 ta
008 241014t1993 -us||||| |||| 001 0 spa d
020 _a0-8254-1562-4
040 _bspa.
_aCO-MdFUSB
_cCO-MdFUSB
_dCO-MdFUSBC
_erda
041 _aspa
_heng
082 _223
_a221.7
_bP526
240 _aWycliffe Bible Commentary: Old Testament.
245 1 _aComentario Bíblico Moody :
_bAntiguo Testamento
_c/ redactado por Charles F. Pfeiffer ; traducido por Santiago Escuain
264 1 _aGrand Rapids, Michigan :
_bPortavoz,
_c[1993]
264 4 _c©1993
300 _a906 páginas
_c; 23 cm
336 _2rdacontent
_atexto
_btxt
337 _2rdamedia
_asin mediación
_bn
338 _2rdacarrier
_avolumen
_bnc
500 _aIncluye índice
520 _aEl volumen complementario del Comentario Bíblico Moody: Nuevo Testamento es una herramienta práctica que enriquece el estudio del Antiguo Testamento. Incluye introducciones, bosquejos, análisis detallados y comentarios frase por frase de cada libro, así como información histórica y un comentario sobre el período intertestamentario. Escrito por eruditos, este comentario de 912 páginas ofrece un recurso valioso para estudiantes de la Biblia, facilitando una comprensión profunda del mensaje bíblico.
563 _aRústica
630 0 7 _aBiblia.
_pAntiguo Testamento
650 7 _aHermenéutica bíblica
_2embne
_97333
700 _aPfeiffer, Charles F. ‎
_910938
_eredactor
700 _aEscuain, Santiago,
_96506
_etraductor
942 _cBK
945 _aCatherine Arias Alvarez
999 _c71092
_d71092